Biblioteca

Ayudas en la crisis de separación : (Registro nro. 60066)

Detalles MARC
000 -LÍDER
Campo fijo de descripción fija 01118aab a2200217 4500
001 - NÚMERO DE CONTROL
Campo de control 768714001
003 - IDENTIFICADOR DEL NÚMERO DE CONTROL
Campo de control CO-MdFUSB
005 - FECHA Y HORA DE LA ULTIMA TRANSACCIÓN
control field 20240614094046.0
008 - ELEMENTOS DE LONGITUD FIJA -- INFORMACIÓN GENERAL
Campo fijo de descripción fija -- Información general 170524s2000 cr ||||| |||| 00| 0 spa d
022 ## - NÚMERO INTERNACIONAL NORMALIZADO PARA PUBLICACIONES SERIADAS
Número Internacional Normalizado para Publicaciones Seriadas 1409-1968
040 ## - FUENTE DE CATALOGACIÓN
Agencia Catalogadora CO-MdFUSB
Idioma de catalogación spa
Agencia que realiza la transcripción CO-MdFUSB
Agencia que realiza la modificación CO-MdFUSB
041 ## - CÓDIGO DE IDIOMA
Código de idioma para texto/pista de sonido o título separado spa
100 1# - ASIENTO PRINCIPAL--NOMBRE PERSONAL
Nombre personal Wittig, Randall M.
Término relacionador autor
245 10 - TÍTULO
Título Ayudas en la crisis de separación :
Subtitulo sugerencias para pastorear a un recién separado
Mención de responsabilidad / Randall M. Wittig
300 ## - DESCRIPCIÓN FÍSICA
Extensión Volumen 17. Número 4 (2000), páginas 14-20
Dimensiones : 27 cm.
520 ## - NOTA DE RESUMEN, ETC.
Nota de sumario, etc. Hoy por hoy hablar de separación y divorcio no es una cuestión meramente teológica y académica, se ha convertido en el plato del día. La gran pregunta es: ¿Cómo ayudar a los que han sufrido el derrumbe de sus matrimonios y los consecuentes sentimientos de culpa, resentimiento, fracaso personal y pérdida de la persona que aman? Para muchos, la separación, es peor que la muerte del cónyuge.
650 #0 - ASIENTO SECUNDARIO DE MATERIA - TERMINO TEMÁTICO
Término temático o nombre geográfico como elemento de entrada Divorcio
9 (RLIN) 786
773 0# - ASIENTO DE ITEM FUENTE
Título Apuntes Pastorales
Biblionumber 49442
Itemnumber 60145
Parte(s) relacionada(s) / Volumen., número. (mes año), páginas Volumen 17. Número 4 (2000), páginas 14-20
Enumeración y primera página Página 14
942 ## - TIPO DE MATERIAL (KOHA)
Tipo de Item KOHA Artículos de Revista
945 ## - INFORMACIÓN LOCAL DEL REGISTRO
Catalogador JTF-925

No hay ítems disponibles.

Biblioteca FUSBC | Teléfono: (57+4) 349 88 10 Ext. 141| WhatsApp (+57) 3005338115 
E-mail: biblioteca@unisbc.edu.co | Calle 76 87-14 Robledo Palenque, Medellín, Colombia

Con tecnología Koha